The linguistics of literacy
Αποθηκεύτηκε σε:
| Άλλοι συγγραφείς: | , , |
|---|---|
| Μορφή: | Βιβλίο |
| Γλώσσα: | English |
| Δημοσίευση: |
Amsterdam/Philadelphia :
John Benjamins,
1992
|
| Σειρά: | Typological studies in language ;
; 21 |
| Θέματα: | |
| Ετικέτες: |
Προσθήκη ετικέτας
Δεν υπάρχουν, Καταχωρήστε ετικέτα πρώτοι!
|
MARC
| LEADER | 00000nam a2200000 i 4500 | ||
|---|---|---|---|
| 001 | 1/88643 | ||
| 008 | 970530s1992 eng d | ||
| 020 | |a 90-272-2904-X | ||
| 035 | |a 1994 |b 3 |c Σκούρτου |l 10035553 | ||
| 040 | |a GR-MY-UA |b gre |e aacr | ||
| 041 | 0 | |a eng | |
| 082 | 0 | |a 302.2244 | |
| 245 | 1 | 4 | |a The linguistics of literacy / |c edited by Pamela Downing, Susan D. Lima, Michael Noonan |
| 260 | |a Amsterdam/Philadelphia : |b John Benjamins, |c 1992 | ||
| 300 | |a 334 p. | ||
| 490 | 1 | |a Typological studies in language |v ; 21 |x 0167-7373 | |
| 650 | 0 | 0 | |a Written communication. |
| 650 | 0 | 0 | |a Oral communication. |
| 650 | 0 | 0 | |a Language and languages |x Orthography and spelling. |
| 650 | 0 | 0 | |a Psycholinguistics. |
| 650 | 0 | 0 | |a Literacy. |
| 700 | 1 | |a Downing, Pamela. |4 edt | |
| 700 | 1 | |a Lima, Susan D. |4 edt | |
| 700 | 1 | |a Noonan, Michael. |4 edt | |
| 830 | 0 | |a Typological studies in language ; |v ; 21 |x 0167-7373 | |
| 852 | |a INST |b RHODES |e 19970530 |h 302.2244 LIN |p 005400007555 |q 005400007555 |t BK |y 0 | ||
| 909 | |a Ρ |b 038449 |c 1994 | ||